Une histoire culturelle des Etats-Unis (notice n° 2198676)

détails MARC
000 -LEADER
fixed length control field 01437cam a2200133 4500500
005 - DATE AND TIME OF LATEST TRANSACTION
control field 20260405085557.0
041 ## - LANGUAGE CODE
Language code of text/sound track or separate title fre
042 ## - AUTHENTICATION CODE
Authentication code dc
100 10 - MAIN ENTRY--PERSONAL NAME
Personal name Kempf, Jean
Relator term author
245 00 - TITLE STATEMENT
Title Une histoire culturelle des Etats-Unis
260 ## - PUBLICATION, DISTRIBUTION, ETC.
Name of publisher, distributor, etc. Armand Colin,<br/>
Date of publication, distribution, etc. 2015.<br/>
520 ## - SUMMARY, ETC.
Summary, etc. Cet ouvrage propose une introduction aux questions culturelles qui traversent la société américaine. Il offre une perspective historique sur le développement d’une société à la fois proche et différente des sociétés européennes. La première partie propose une lecture des États-Unis à travers quelques termes clés de la sociologie : identité, valeurs, individualisme. Puis sont abordés trois notions centrales de la philosophie et de la politique américaines : la nature, l’exceptionnalisme et la liberté. Enfin on y découvre les enjeux de l’écriture de l’histoire, les problèmes des lieux de culture, pour terminer par les tensions et déchirures de la société américaine autour des conceptions divergentes de la culture. Sans nier la complexité du pays, ni les enjeux de race, de religion, de genre qui sont aujourd’hui mis en avant pour expliquer la société, ce livre tente de renouer avec une vision plus globale des États-Unis et de la singularité paradoxale de leur culture.
856 41 - ELECTRONIC LOCATION AND ACCESS
Uniform Resource Identifier <a href="https://shs.cairn.info/une-histoire-culturelle-des-etats-unis--9782200278588?lang=fr&redirect-ssocas=7080">https://shs.cairn.info/une-histoire-culturelle-des-etats-unis--9782200278588?lang=fr&redirect-ssocas=7080</a>

Pas d'exemplaire disponible.

PLUDOC

PLUDOC est la plateforme unique et centralisée de gestion des bibliothèques physiques et numériques de Guinée administré par le CEDUST. Elle est la plus grande base de données de ressources documentaires pour les Étudiants, Enseignants chercheurs et Chercheurs de Guinée.

Adresse

627 919 101/664 919 101

25 boulevard du commerce
Kaloum, Conakry, Guinée

Réseaux sociaux

Powered by Netsen Group @ 2025